01705nam a2200169 a 450000100100000000500170001000800410002704000250006811000840009324500570017726000610023430000270029550000640032250510260038695201060141299900170151800003874220250116163337.0130419s2000 dr 000 0 spa d aDO-SdBNPbspacBNPHU1 aRepública Dominicana.bSecretaría de Estado de Educación y Cultura91869710aReglamento de las instituciones educativas privadas. aSanto Domingo :bConsejo Nacional de Educación,c2000. a47 p. :bil. ;c28 cm. aAprobado en sesión celebrada el día 7 de junio del 2000 aOrdenanza No. 4'2000 7 De las Instituciones Educativas Privadas--tDe los principios que sustentan la labor de las Instituciones Educativas Privadas --tDe los propósitos y alcance del reglamento --tDel reconocimiento y acreditación de las Instituciones Educativas Privadas --tRequisitos mínimos para la apertura de una Institución Educativa Privada --tDe los organismos de Gestión, Participación y Apoyo --tDe las organización y funcionamiento de las Instituciones Educativas Privadas --tDe los recursos humanos --tDel cambio de matrícula, del certificado de escolaridad y de la cédula escolar de los estudiantes del Nivel Medio --tDe los libros, actas y boletines de calificaciones --tDe la evaluación y supervisión --tDe los estudiantes: sus derechos, deberes y régimen disciplinario --tDe las Instituciones Educativas Privadas que desempeñan sus labores docentes utilizando un plan de estudio diferente al oficial y en un idioma que no es el español --tDisposiciones generales-- 00107-18PDaPDbPDcOId2013-04-19iLF1l0o p38742-10r2020-06-25w2020-06-25yLFPDZNo se presta c38232d38232